Logo BPK

Biblioteka

Politechniki Koszalińskiej

Kommunikation für Europa : (Rekord nr 49431)

Szczegóły MARC
000 -ETYKIETA REKORDU
podpole kontrolne o stałej długości 00851nam a2200229 i 4500
001 - NUMER KONTROLNY REKORDU
pole kontrolne bgj
020 ## - MIĘDZYNARODOWY ZNORMALIZOWANY NUMER KSIĄŻKI - ISBN
ISBN 8389402130
040 ## - ŹRÓDŁO KATALOGOWANIA
Instytucja, która utworzyła rekord BPK
041 0# - KOD JĘZYKA
Kod języka tekstu ger
Kod języka dokumentu towarzyszącego innego niż libretto en
920 ## - Międzynarodowy znormalizowany numer książki – ISBN
ISBN 83-89402-13-0
008 - POLE O STAŁEJ DŁUGOŚCI - DANE KONTROLNE
podpole kontrolne o stałej długości s gw f |000 0 ger
245 00 - TYTUŁ/ODPOWIEDZIALNOŚĆ
Tytuł Kommunikation für Europa :
Ciąg dalszy tytułu Sprachkontakte-Sprachkultur-Sprachlernen : Materialiren von der sprachwissenschaftlichen Konferenz Szczecin-Pobierowo, 07.09-09.09.2003 /
Pozostałe elementy strefy tytułu i oznaczenia odpowiedzialności Ryszard Lipczuk, Krzysztof Nerlicki, Werner Westphal (Hgg.).
260 ## - STREFA ADRESU WYDAWNICZEGO
Miejsce wydania Szczecin :
Nazwa wydawcy/dystrybutora Oficyna In Plus,
Data publikacji, dystrybucji/powstania dokumentu 2004.
300 ## - STREFA OPISU FIZYCZNEGO
Objętość 240, [1], S. :
Inne cechy fizyczne Ill. ;
Rozmiary 24 cm.
650 #9 - HASŁO PRZEDMIOTOWE W FORMIE NAZWY OGÓLNEJ LUB JEDNOSTKOWEJ
Nazwa ogólna lub geograficzna Polnisch
-- Deutsch
Określnik ogólny Sprachkontakt
651 #9 - HASŁO PRZEDMIOTOWE W FORMIE NAZWY GEOGRAFICZNEJ
Nazwa geograficzna Polen
Określnik ogólny Deutschunterricht
651 #9 - HASŁO PRZEDMIOTOWE W FORMIE NAZWY GEOGRAFICZNEJ
Nazwa geograficzna Polen
Określnik ogólny Lexikographie
Określnik geograficzny Deutschland
700 1# - HASŁO DODATKOWE - NAZWA OSOBOWA
Nazwa osobowa LIPCZUK, Ryszard.
Określenie związku między hasłem a opisywanym materiałem Hgg.
700 1# - HASŁO DODATKOWE - NAZWA OSOBOWA
Nazwa osobowa NERLICKI, Krzysztof.
Określenie związku między hasłem a opisywanym materiałem Hgg.
700 1# - HASŁO DODATKOWE - NAZWA OSOBOWA
Nazwa osobowa WESTPHAL, Werner.
Określenie związku między hasłem a opisywanym materiałem Hgg.
856 ## - LOKALIZACJA I DOSTĘP DO ELEKTRONICZNYCH DOKUMENTÓW ZDALNYCH
Link (URL) http://koha.tu.koszalin.pl/cgi-bin/koha/opac-detail.pl?biblionumber=49431
Tekst linku Katalog online BPK
942 ## - DODATKOWE ELEMENTY (KOHA)
Typ dokumentu Książka
Egzemplarze
Wycofany Status egzemplarza Uszkodzony Dostępność Lokalizacja stała Lokalizacja bieżąca Miejsce przechowywania Sygnatura Kod kreskowy Dział Typ dokumentu
      Tylko na miejscu Biblioteka Politechniki Koszalińskiej Biblioteka Politechniki Koszalińskiej Czytelnia Wydziałowa ul. Kwiatkowskiego 6e N 1079 09046504 81=112.2 Językoznawstwo (język niemiecki) Książka
© 2023 Biblioteka Politechniki Koszalińskiej :: KOHA